Estudio de prefactibilidad técnica y financiera de un sistema de recuperación de niebla de aceite de laminación en el sistema de ventilación de una laminadora liviana en CVG ALUNASA
Сохранить в:
| Главный автор: | |
|---|---|
| Формат: | |
| Язык: | Spanish |
| Опубликовано: |
San José, Costa Rica
2013
|
| Предметы: | |
| Метки: |
Добавить метку
Нет меток, Требуется 1-ая метка записи!
|
MARC
| LEADER | 00000nam a22000007a 4500 | ||
|---|---|---|---|
| 003 | 011844 | ||
| 005 | 20221231143904.0 | ||
| 008 | 150320b2013 cr a|||| |||| 00| 0 spa d | ||
| 040 | |c cru CEDI | ||
| 090 | |a TFG 7012 | ||
| 100 | |9 620 |a González Dobrosky, Cintia Milena | ||
| 245 | |a Estudio de prefactibilidad técnica y financiera de un sistema de recuperación de niebla de aceite de laminación en el sistema de ventilación de una laminadora liviana en CVG ALUNASA | ||
| 260 | |a San José, Costa Rica |c 2013 | ||
| 500 | |a Proyecto de graduación (licenciatura en ingeniería química)--Universidad de Costa Rica. Facultad de Ingeniería. Escuela de Ingeniería Química | ||
| 650 | |x GASES |x FILTRACION |x ACEITES LUBRICANTES |x LAMINACION |x CONDUCTOS DE VENTILACION |x SEPARACION (TECNOLOGIA) |x PARTICULAS |x ESTUDIOS DE FACTIBILIDAD |x ANALISIS FINANCIERO |x CVG ALUNASA (COSTA RICA) |9 621 | ||
| 942 | |c TFG | ||
| 999 | |c 13772 |d 13772 | ||
